000 00585cam a22002054a 4500
999 _c976
_d976
020 _a9780849375293 (alk. paper)
020 _a0849375290 (alk. paper)
050 0 0 _aQR115
_b.R39
100 1 _aRay, Bibek.
245 1 0 _aFundamental food microbiology /
_cBibek Ray, Arun Bhunia.
250 _a4th ed.
260 _aBoca Raton :
_bCRC Press,
_cc2008.
300 _a492 p. :
_bill. ;
_c26 cm.
500 _aincludes index
650 0 _aFood
_xMicrobiology.
650 2 _aFood Microbiology.
650 2 _aFood Poisoning
_xprevention & control.
700 1 _aBhunia, Arun K.
942 _cBK